Vidas mínimas

Na minha lista:
Detalhes bibliográficos
Autor principal: González Vera, José Santos (Author)
Formato: Livro
Idioma:espanhol
Publicado em: Santiago LOM Ediciones 1996
Edição:9a. ed
Assuntos:
Tags: Adicionar Tag
Sem tags, seja o primeiro a adicionar uma tag!

MARC

LEADER 00000nam a2200000 a 4500
001 UCH8453
003 CL-VaPUC
008 091127e19960000CL |||||||||||||||||spa|d
020 |a 9567369828 
082 0 4 |a Ch863  |b GON  |2 21 
100 0 |a González Vera, José Santos  |e author  |9 321193 
245 1 0 |a Vidas mínimas 
250 |a 9a. ed 
300 |a 101 p 
942 |c BK 
945 |d 20091127 00:00:00 
260 |a Santiago  |b LOM Ediciones  |c 1996 
650 0 |a Novelas chilenas   |9 265425 
583 |a last modification  |c 20091127 00:00:00  |k Rodrigo Vera 
999 |c 338665  |d 338663